000 00317nam a22001457a 4500
003 Macl
005 20241020122521.0
008 241020b |||||||| |||| 00| 0 eng d
040 _cMacl
082 _a004
100 _aAhilya,Rani
_982620
245 _aLucent Computer
650 _aComputer
942 _2ddc
_cC. BOOKS
999 _c67284
_d67284